000 00474nam a2200157 a 4500
001 000031350
005 20200930062853.0
008 110620s1943 dr 000 0 spa d
040 _aDO-SdBNP
_bspa
_cBNPHU
082 _axxxx
_bO81s
100 1 _aOscar Pacheco, Armando
_957786
245 1 3 _aEl sentido de lo nuestro en las grandezas del generalísimo. /
_cArmando Oscar Pacheco.
260 _aSanto Domingo :
_bCambier,
_c1943.
300 _a62 p. ;
_c12 cm.
049 _aBNPD
999 _c30842
_d30842